00355nam a2200109Ia 4500082001500000245001900015100005000034942000700084008004100091999001700132952009600149 aLP AF LING 0aVer bo korale  a LINGUA, Susanna M. Parklands, 2002 98101 cBK210817s9999 xx 000 0 und d c64576d64575 00104070aCAROLbCAROLd2021-08-17g108.00l0p33228011496666r2021-08-17w2021-08-17yBK